| 000 | 01196cam a2200301 a 4500 | ||
|---|---|---|---|
| 005 | 20041229194147.0 | ||
| 008 | 991020s1999 onc 000 1 eng | ||
| 020 |
_a8172233930 _c295.00 |
||
| 020 |
_a9788172233938 _c295.00 |
||
| 037 | _bPansy Books | ||
| 040 |
_adpl _bEnglish |
||
| 082 | _aN | ||
| 100 | _aVassanji, M. G. | ||
| 245 |
_aAmriika / _cby M.G. Vassanji |
||
| 260 |
_aNew Delhi _bHarperCollins Publishers _c2000 |
||
| 270 |
_a7/16, Ansari Road, Daryaganj _bNew Delhi _e110002 |
||
| 300 |
_a312 p. _c24 cm.(Hb) |
||
| 650 |
_aAfricans _zCanada _vFiction. |
||
| 650 |
_aRadicals _vFiction. |
||
| 651 |
_aCanada _xEmigration and immigration _vFiction. |
||
| 651 |
_aDar es Salaam (Tanzania) _vDrama. |
||
| 655 |
_aPolitical fiction. _2lcsh |
||
| 856 |
_3Contributor biographical information _uhttp://www.loc.gov/catdir/bios/random052/00302090.html |
||
| 856 |
_3Publisher description _uhttp://www.loc.gov/catdir/description/random0410/00302090.html |
||
| 942 |
_2ddc _cEN _hN _mVAS |
||
| 999 |
_c29875 _d29875 |
||